000 00500nam a2200157 a 4500
005 20140412111240.0
008 010420s19uu xx 00 eng d
020 _a971-27-0000-3
050 _aFil 912
_bMAR 1990
100 _aMartin, P. T.
245 _aAtlas adarna :
_bmga mapa ng Pilipinas para sa mga mag-aaral /
_cby P. T. Martin & A. E. Gamos.
260 _aPasi, Metro Manila :
_bAnvil Publishing, Inc,
_c1990.
300 _a32p. ; col. ; ill.
650 _aPhilippine Maps
999 _c102665
_d102665